The Blackwell dictionary of evangelical biography : (Record no. 2198)

MARC details
000 -LEADER
fixed length control field 01045cam a2200277 a 4500
001 - CONTROL NUMBER
control field 3961109
003 - CONTROL NUMBER IDENTIFIER
control field GBCCL
005 - DATE AND TIME OF LATEST TRANSACTION
control field 20241126110422.0
008 - FIXED-LENGTH DATA ELEMENTS--GENERAL INFORMATION
fixed length control field 940711s1995 enk bd 001 0ceng
010 ## -
-- 94029550
020 ## - INTERNATIONAL STANDARD BOOK NUMBER
International Standard Book Number 0631173846 (alk. paper)
040 ## - CATALOGING SOURCE
Original cataloging agency DLC
Transcribing agency DLC
Modifying agency DLC
050 00 -
-- BR1640
-- .B53 1995
082 00 - DEWEY DECIMAL CLASSIFICATION NUMBER
Classification number 269.2092
-- B
Edition information 20
Item number BLA
245 04 - TITLE STATEMENT
Title The Blackwell dictionary of evangelical biography :
Remainder of title 1730-1860 /
Statement of responsibility, etc. edited by Donald M. Lewis.
246 30 -
-- Dictionary of evangelical biography.
260 ## - PUBLICATION, DISTRIBUTION, ETC.
Place of publication, distribution, etc. Oxford ;
-- Cambridge, Mass. :
Name of publisher, distributor, etc. Blackwell Publishers,
Date of publication, distribution, etc. 1995.
300 ## - PHYSICAL DESCRIPTION
Extent 2 v. ;
Dimensions 27 cm.
504 ## - BIBLIOGRAPHY, ETC. NOTE
Bibliography, etc. note Includes bibliographical references and index.
650 #0 - SUBJECT ADDED ENTRY--TOPICAL TERM
Topical term or geographic name entry element Evangelicalism
General subdivision Dictionaries.
9 (RLIN) 4498
650 #0 - SUBJECT ADDED ENTRY--TOPICAL TERM
Topical term or geographic name entry element Christian biography
General subdivision Dictionaries.
9 (RLIN) 4499
700 1# - ADDED ENTRY--PERSONAL NAME
Personal name Lewis, Donald M.
9 (RLIN) 990
906 ## - LOCAL DATA ELEMENT F, LDF (RLIN)
a 7
b cbc
c orignew
d 1
e ocip
f 19
g y-gencatlg
942 ## - ADDED ENTRY ELEMENTS (KOHA)
Source of classification or shelving scheme Dewey Decimal Classification
Koha item type Reference Books
Holdings
Withdrawn status Lost status Source of classification or shelving scheme Damaged status Not for loan Home library Current Library Shelving location Date acquired Total checkouts Full call number Barcode Date last seen Copy number Price effective from Koha item type
    Dewey Decimal Classification     GRACE BIBLE COLLEGE GRACE BIBLE COLLEGE Dictionary 2017-07-13   269.2092 BLA 010129 2025-05-01 c.1 2017-07-13 Reference Books
© Grace Bible College Library 2025